000
00325nam a22001457a 4500
008
230926b ||||| |||| 00| 0 eng d
020
_a
0155405489
041
_a
eng
080
_a
316
082
_a
316MER
100
_a
24
101
_a
SOCIOLO
245
_a
THE IDEA OF SOCIAL STRUCTURE
_c
MERTON .K .R
942
_2
udc
_c
BK
999
_c
60400
_d
60400